Score 0/24 Timer 04:00
2 Plays Today
% Correct
Game of Thrones
85.3%
How I Met Your Mother
84.4%
Rugrats
83.9%
Home Improvement
83.3%
Arrested Development
69.5%
30 Rock
65.7%
Who's the Boss
64%
The Office (US)
63.8%
Futurama
61.7%
Bob's Burgers
60.4%
The Facts of Life
58.9%
The Fairly OddParents
57.9%
% Correct
Bones
55.3%
Parks and Recreation
54.5%
The Simpsons
51.1%
Scrubs
50%
Star Trek: TNG
47.4%
3rd Rock from the Sun
45.4%
Mama's Family
44.7%
House M.D.
42.3%
Community
39.6%
Recess
34.4%
American Horror Story
27.9%
Oz
20.9%
Remove Ads.
Support Sporcle.
Get the best of Sporcle when you Go Orange. This ad-free experience offers more features, more stats, and more fun while also helping to support Sporcle. Thank you for becoming a member.

You're not logged in!

Compare scores with friends on all Sporcle quizzes.
OR
Log In

Sporcle TV

Today on Sporcle TV


Watch our educational content, quiz creation guides, and fun videos on Sporcle TV.

Show Comments

Extras

Top Quizzes Today


Score Distribution

Paid Content

Your Account Isn't Verified!

In order to create a playlist on Sporcle, you need to verify the email address you used during registration. Go to your Sporcle Settings to finish the process.

Report this User

Report this user for behavior that violates our Community Guidelines.

Details: